V znamení liberalizmu

Ekonomickí liberáli na stretnutí The mount pélerin society, ktoré sa konalo 9. - 14. septembra v Bratislave. Liberalizmus ako príťažlivá politická filozofia. Hodnoty liberalizmu.

Guardado en:
Detalles Bibliográficos
Autor principal: Sotník, Alexander
Formato: Capítulo de libro
Lenguaje:eslovaco
Materias:
Etiquetas: Agregar Etiqueta
Sin Etiquetas, Sea el primero en etiquetar este registro!

MARC

LEADER 00000naa a2200000 4500
001 r042902
005 20230920073252.0
041 0 |a slo 
044 |a SK 
245 1 0 |a V znamení liberalizmu  |c Alexander Sotník 
520 |a Ekonomickí liberáli na stretnutí The mount pélerin society, ktoré sa konalo 9. - 14. septembra v Bratislave. Liberalizmus ako príťažlivá politická filozofia. Hodnoty liberalizmu. 
610 2 0 |a liberalizmus 
610 2 0 |a konferencie 
610 2 0 |a vlastníctvo súkromné 
610 2 0 |a liberalizácia 
610 2 0 |a mechanizmus trhový 
610 2 0 |a sloboda ekonomická 
100 1 |a Sotník, Alexander